Griechisch - Römische Götter - Statistiken

Allgemein
  • Dieses Quiz wurde 1.470 mal gespielt
  • Das Durchschnittsergebnis liegt bei 22 aus 44
Antwortstatistiken
Antwort % Korrekt
Zeus
99%
Hades
89%
Aphrodite
85%
Mars
85%
Poseidon
85%
Jupiter
84%
Ares
81%
Neptun
81%
Hermes
78%
Venus
77%
Hera
76%
Athene
73%
Pluto
67%
Merkur
64%
Amor (Cupido)
62%
Artemis
60%
Dionysos
56%
Eros
52%
Bacchus
49%
Gaia
49%
Hephaistos
49%
Diana
47%
Luna
47%
Nike
46%
Sol
46%
Juno
45%
Saturn
45%
Pan
44%
Helios
39%
Minerva
39%
Victoria
38%
Vulkan
36%
Terra Mater
35%
Hypnos
31%
Kronos
24%
Eos
23%
Uranos
23%
Faunus
22%
Flora
21%
Aurora
20%
Selene
19%
Somnus
17%
Chloris
3%
Coelus
3%
Keine übereinstimmenden Quizze gefunden
Verteilung der Resultate
Anzahl Personen mit jedem Resultat
Perzentil nach korrekt beantworteten Fragen
Ihre Resultats-Entwicklung
Sie haben dieses Quiz noch nicht gespielt